000
00241nam a2200097Ia 4500
001
806243
005
20250826171208.0
008
250824s9999 xx 000 0 und d
245
0
_a
AŞK UYKUSU
_c
MEHMET COŞKUNDENİZ
260
_b
DESTEK YAYINLARI
999
_c
806243
_d
806243